000 01413cam a2200361 a 4500
001 EDZ0000071550
003 StDuBDS
005 20161031105119.0
006 m||||||||d||||||||
007 cr |||||||||||
008 120405s2005 caua fo| 001|0|eng d
020 _a9781452204550 (ebook) :
_cNo price
040 _aStDuBDS
_beng
_cStDuBDS
_epn
049 _aAlfaisal Main Library
050 0 _aHD75
_b.S43 2005
082 0 4 _a338.43
_223
100 1 _aSeidman, Karl F.
245 1 0 _aEconomic development finance
_h[electronic resource] /
_cKarl F. Seidman.
260 _aThousand Oaks, Calif. ;
_aLondon :
_bSAGE,
_cc2005.
300 _a1 online resource (xxiv, 493 p.) :
_bill.
504 _aIncludes bibliographical references and index.
520 8 _aA presentation of private, public, & community financial institutions, policies & methods for financing local & regional economic development projects.
521 _aSpecialized.
588 _aDescription based on print version record.
650 0 _aEconomic development
_xFinance.
650 0 _aBusiness enterprises
_zUnited States
_xFinance.
650 0 _aReal property
_zUnited States
_xFinance.
655 7 _aElectronic books.
_2local
710 2 _aSage eBooks
776 0 8 _iPrint version :
_z9780761927099
856 4 0 _uhttp://ezproxy.alfaisal.edu/login?url=http://sk.sagepub.com/books/economic-development-finance
942 _2lcc
_cEBOOKS
999 _c479569
_d479569